[Event "Elit(Rockaden,Sthlm-Eksjo)"]
[Site "?"]
[Date "2016.03.20"]
[Round "9"]
[White "Grandelius, Nils"]
[Black "Nielsen, Peter Heine"]
[Result "1/2-1/2"]
[WhiteElo "2649"]
[BlackElo "2635"]
[PlyCount "28"]

1. e4 e5 2. Nf3 Nc6 3. Bb5 a6 4. Ba4 Nf6 5. O-O b5 6. Bb3 Bb7 7. d3 Be7 8. a4
O-O 9. Bd2 d5 10. exd5 Nxd5 11. axb5 axb5 12. Rxa8 Bxa8 13. Nc3 Nxc3 14. Bxc3
Bf6 1/2-1/2

[Event "Elit(Rockaden,Sthlm-Eksjo)"]
[Site "?"]
[Date "2016.03.20"]
[Round "9"]
[White "Hammer, Jon Ludvig"]
[Black "Rasmussen, Allan Stig"]
[Result "1/2-1/2"]
[WhiteElo "2695"]
[BlackElo "2489"]
[PlyCount "35"]

1. c4 c6 2. d4 d5 3. Nf3 Nf6 4. e3 e6 5. b3 Nbd7 6. Bb2 b6 7. Bd3 Bb7 8. O-O
Bd6 9. Ne5 O-O 10. Nd2 Qe7 11. a3 Rfd8 12. Qe2 c5 13. cxd5 Nxd5 14. Ba6 Bxa6
15. Qxa6 Nb8 16. Qe2 cxd4 17. exd4 Qe8 18. Ne4 1/2-1/2

[Event "Elit(Rockaden,Sthlm-Eksjo)"]
[Site "?"]
[Date "2016.03.20"]
[Round "9"]
[White "Carlsson, Pontus"]
[Black "Barkhagen, Jonas"]
[Result "1/2-1/2"]
[WhiteElo "2430"]
[BlackElo "2435"]
[PlyCount "34"]

1. e4 e5 2. Nf3 Nc6 3. Bb5 a6 4. Ba4 Nf6 5. O-O Be7 6. d3 d6 7. c4 O-O 8. Nc3
Bg4 9. h3 Bh5 10. Be3 Nd4 11. Bxd4 exd4 12. Nd5 c6 13. Nxf6+ Bxf6 14. g4 Bg6
15. Nd2 Be7 16. f4 f6 17. Nf3 Bf7 1/2-1/2

[Event "Elit(Rockaden,Sthlm-Eksjo)"]
[Site "?"]
[Date "2016.03.20"]
[Round "9"]
[White "Blomqvist, Erik"]
[Black "Bejtovic, Jasmin"]
[Result "1/2-1/2"]
[WhiteElo "2492"]
[BlackElo "2365"]
[PlyCount "118"]

1. e4 c5 2. Nf3 Nc6 3. d4 cxd4 4. Nxd4 g6 5. c4 Nf6 6. Nc3 d6 7. Nc2 Bg7 8. Be2
O-O 9. O-O Nd7 10. Bd2 Nc5 11. f3 a5 12. Be3 a4 13. Qd2 Qa5 14. Na3 Be6 15.
Rac1 Rfc8 16. Rfd1 Ne5 17. Kh1 Ncd7 18. Bd4 Nb6 19. Nd5 Qxd2 20. Nxe7+ Kf8 21.
Rxd2 Kxe7 22. Bxb6 Bh6 23. Rdc2 Bxc1 24. Rxc1 Rc6 25. Be3 Rac8 26. b3 axb3 27.
axb3 Ra8 28. Nc2 Rcc8 29. Nd4 Ra2 30. Re1 Rca8 31. Kg1 Ra1 32. Bc1 R8a2 33. Kf1
f6 34. Rd1 Rb1 35. Ke1 Nc6 36. Bd3 Rxc1 37. Nxc6+ bxc6 38. Rxc1 Rxg2 39. Rc2
Rxc2 40. Bxc2 g5 41. Kd2 c5 42. e5 fxe5 43. Bxh7 d5 44. cxd5 Bxd5 45. Kc3 Bxf3
46. b4 cxb4+ 47. Kxb4 g4 48. Kc3 Kf6 49. Kd3 Kg5 50. Ke3 Kh4 51. Bf5 Kg5 52.
Bd7 Bd1 53. Ke4 Kf6 54. Ke3 Ke7 55. Bc8 Kd6 56. Ke4 Bf3+ 57. Ke3 Bd1 58. Ke4
Bc2+ 59. Ke3 Bd1 1/2-1/2

[Event "Elit(Rockaden,Sthlm-Eksjo)"]
[Site "?"]
[Date "2016.03.20"]
[Round "9"]
[White "Gdanski, Jacek"]
[Black "Bator, Robert"]
[Result "1-0"]
[WhiteElo "2488"]
[BlackElo "2427"]
[PlyCount "53"]

1. c4 c6 2. e4 d5 3. exd5 cxd5 4. d4 Nf6 5. Nc3 Nc6 6. Nf3 e6 7. c5 Ne4 8. Qc2
Nxc3 9. Qxc3 b6 10. Bb5 Bd7 11. O-O Be7 12. b4 a5 13. a3 O-O 14. Bf4 Bf6 15.
Bxc6 Bxc6 16. b5 Bxb5 17. Rfb1 Be2 18. cxb6 Bxf3 19. Qxf3 Bxd4 20. b7 Rb8 21.
Bxb8 Qxb8 22. Ra2 Be5 23. g3 h6 24. Rc2 Rd8 25. Qe3 d4 26. Qxe5 Qxe5 27. Rc8
1-0

[Event "Elit(Rockaden,Sthlm-Eksjo)"]
[Site "?"]
[Date "2016.03.20"]
[Round "9"]
[White "Karlsson, Lars"]
[Black "Thornert, Hakan"]
[Result "1/2-1/2"]
[WhiteElo "2457"]
[BlackElo "2234"]
[PlyCount "119"]

1. b3 e5 2. Bb2 Nc6 3. Nf3 e4 4. Ne5 Nxe5 5. Bxe5 d5 6. e3 Nf6 7. Be2 Bd6 8.
Bb2 O-O 9. d3 Re8 10. Nd2 Qe7 11. dxe4 Nxe4 12. Nxe4 dxe4 13. Qd4 Be5 14. Qxe5
Qxe5 15. Bxe5 Rxe5 16. O-O-O Be6 17. Rd4 c5 18. Rd6 Kf8 19. Rhd1 Rc8 20. Kb2
Rg5 21. g4 Ke7 22. h3 Re5 23. Kc3 h5 24. Bc4 Rc7 25. R6d2 hxg4 26. hxg4 Bxg4
27. Rg1 f5 28. Be2 Rd7 29. Bxg4 fxg4 30. Rxg4 Rxd2 31. Kxd2 g5 32. Rg1 Kd6 33.
Rh1 Kc6 34. Rh6+ Kb5 35. c4+ Ka5 36. a3 Rf5 37. Ke2 Re5 38. Rh7 Ka6 39. Rf7 b6
40. Rg7 g4 41. Rxg4 b5 42. Rg6+ Ka5 43. Rd6 bxc4 44. bxc4 Ka4 45. Rd5 Re7 46.
Rxc5 Kxa3 47. Rb5 Rc7 48. f4 exf3+ 49. Kxf3 Rxc4 50. e4 Ka4 51. Rb1 a5 52. e5
Ka3 53. e6 a4 54. e7 Rc8 55. Rb7 Ka2 56. Kf4 a3 57. Kf5 Ka1 58. Kf6 a2 59. Kf7
Rf8+ 60. exf8=Q 1/2-1/2

[Event "Elit(Rockaden,Sthlm-Eksjo)"]
[Site "?"]
[Date "2016.03.20"]
[Round "9"]
[White "Vernersson, Per"]
[Black "Kenneskog, Theodor"]
[Result "1/2-1/2"]
[WhiteElo "2315"]
[BlackElo "2352"]
[PlyCount "126"]

1. d4 Nf6 2. c4 g6 3. Nc3 d5 4. Bf4 Bg7 5. e3 O-O 6. cxd5 Nxd5 7. Nxd5 Qxd5 8.
Bxc7 Na6 9. Bxa6 Qxg2 10. Qf3 Qxf3 11. Nxf3 bxa6 12. Rg1 f6 13. Ke2 Rf7 14.
Rac1 e5 15. d5 e4 16. Nd2 f5 17. b4 Bd7 18. f4 Bb5+ 19. Kf2 Rd7 20. d6 Bf8 21.
Nb3 Bxd6 22. Bxd6 Rxd6 23. Nd4 Rad8 24. Rc5 Rd5 25. Rgc1 R5d7 26. h4 h5 27. Rc8
Rxc8 28. Rxc8+ Kf7 29. Ke1 Rb7 30. Rc5 Bd7 31. a3 Ke7 32. Kd2 Kd6 33. Kc3 Rb6
34. Kb3 Rb8 35. Ra5 Rb6 36. Rc5 Rb8 37. Kb2 Rb6 38. Kc3 Rb8 39. Nb3 Bb5 40. Kd4
Re8 41. Na5 Rb8 42. Rd5+ Ke7 43. Nb3 Bd7 44. Kc3 Rb6 45. Nd4 Be6 46. Re5 Kd7
47. Rc5 Rd6 48. a4 Rb6 49. Ra5 Kc7 50. Rc5+ Kd7 51. Re5 Rd6 52. Ra5 Rb6 53. b5
Kc7 54. Kb4 Bc8 55. Kc5 Bb7 56. bxa6 Bxa6 57. Kd5 Bb7+ 58. Ke5 a6 59. Ne6+ Kd7
60. Nc5+ Kc6 61. Ne6 Kd7 62. Nc5+ Kc6 63. Ne6 Kd7 1/2-1/2

[Event "Elit(Rockaden,Sthlm-Eksjo)"]
[Site "?"]
[Date "2016.03.20"]
[Round "9"]
[White "Engqvist, Thomas"]
[Black "Gustafsson, Fredrik"]
[Result "1-0"]
[WhiteElo "2358"]
[BlackElo "2205"]
[PlyCount "91"]

1. d4 Nf6 2. c4 g6 3. Nc3 d5 4. Bg5 Ne4 5. Bh4 Nxc3 6. bxc3 Bg7 7. cxd5 Qxd5 8.
e3 c5 9. Qf3 Qxf3 10. Nxf3 cxd4 11. cxd4 Nc6 12. Bb5 Bd7 13. Rb1 Rc8 14. O-O
Na5 15. Bd3 Rc3 16. Be4 Bc6 17. Bxc6+ Rxc6 18. Rfc1 Rxc1+ 19. Rxc1 Kd7 20. Bg3
Rc8 21. Rxc8 Kxc8 22. Ng5 b5 23. f4 Nc4 24. Kf2 Nd6 25. Ke2 h6 26. Nf3 Ne4 27.
Be1 Kd7 28. Kd3 Nd6 29. e4 e6 30. Bb4 Nc4 31. g4 Bf6 32. Bf8 h5 33. gxh5 gxh5
34. e5 Bd8 35. Bh6 f5 36. Bg5 Ba5 37. d5 exd5 38. Nd4 Nb2+ 39. Kc2 Na4 40. Nxf5
Nc5 41. Ng7 Ne6 42. Nxh5 Nxg5 43. fxg5 Ke7 44. Nf4 Bd8 45. g6 d4 46. Nd5+ 1-0

[Event "Elit(Manhem-Vasteras)"]
[Site "?"]
[Date "2016.03.20"]
[Round "9"]
[White "Sjodahl, Pontus"]
[Black "Rozentalis, Eduardas"]
[Result "0-1"]
[WhiteElo "2404"]
[BlackElo "2572"]
[PlyCount "142"]
[SourceDate "2016.03.26"]

1. d4 Nf6 2. c4 e6 3. Nc3 Bb4 4. e3 O-O 5. Nge2 c6 6. a3 Ba5 7. Qc2 d5 8. Ng3
Nbd7 9. Bd2 e5 10. cxd5 exd4 11. exd4 cxd5 12. Bd3 Re8+ 13. Nce2 Bb6 14. O-O
Nf8 15. Rfe1 Bd7 16. Rac1 Rc8 17. Qb1 Rxc1 18. Rxc1 Bc6 19. h3 Ne4 20. Be3 Ng6
21. Rd1 Nd6 22. Qc2 Bc7 23. Nc3 Bb8 24. Nf1 Qh4 25. Qc1 h6 26. Nh2 Ne4 27. Bf1
Bxh2+ 28. Kxh2 Nxf2 29. Bxf2 Qxf2 30. Qd2 Qf6 31. Kg1 h5 32. Qf2 Qg5 33. Rd3 h4
34. Rf3 Qe7 35. Bd3 Qe1+ 36. Qxe1 Rxe1+ 37. Kf2 Re6 38. Bxg6 fxg6 39. Re3 Rf6+
40. Ke2 Kf7 41. b4 Rf5 42. Rf3 Ke6 43. Ke3 g5 44. Nd1 Be8 45. Nf2 Bh5 46. g4
hxg3 47. Rxg3 b6 48. Nd3 Kf6 49. Ne5 Rf4 50. Nc6 Re4+ 51. Kd3 Be2+ 52. Kc3 a6
53. a4 Kf5 54. a5 bxa5 55. bxa5 Kf4 56. Rg1 Bb5 57. Ne5 Re3+ 58. Kb4 Rxh3 59.
Kc5 Rg3 60. Rh1 g4 61. Kxd5 Rh3 62. Rc1 g3 63. Rc7 g5 64. Rf7+ Ke3 65. Rf5 Be2
66. Rxg5 Bf3+ 67. Kc5 g2 68. Kb6 Rh6+ 69. Kc7 Be4 70. d5 Bxd5 71. Rxg2 Rh7+ 0-1

[Event "Elit(Manhem-Vasteras)"]
[Site "?"]
[Date "2016.03.20"]
[Round "9"]
[White "Hultin, Johan"]
[Black "Akesson, Ralf"]
[Result "1/2-1/2"]
[WhiteElo "2319"]
[BlackElo "2435"]
[PlyCount "85"]

1. d4 Nf6 2. c4 g6 3. Nc3 d5 4. cxd5 Nxd5 5. e4 Nxc3 6. bxc3 Bg7 7. Nf3 c5 8.
Be3 Qa5 9. Qd2 Nc6 10. Rb1 a6 11. Rc1 cxd4 12. cxd4 Qxd2+ 13. Kxd2 e6 14. Bd3
O-O 15. Rc5 Rd8 16. Rb1 Nxd4 17. Nxd4 Bxd4 18. Bxd4 Rxd4 19. Ke3 Ra4 20. Rc7 e5
21. Bc4 Ra3+ 22. Rb3 Rxb3+ 23. Bxb3 Be6 24. Bxe6 fxe6 25. Rxb7 Rc8 26. Kf3 Rc3+
27. Kg4 Rc2 28. Kg3 Rxa2 29. Re7 Ra5 30. f3 h6 31. h4 h5 32. Rxe6 Kf7 33. Rc6
Ra2 34. Kh3 Ra3 35. Kg3 Ra2 36. Rc3 a5 37. Kh3 a4 38. g4 hxg4+ 39. Kxg4 Rg2+
40. Kh3 Ra2 41. Rc7+ Kf6 42. Rc6+ Kf7 43. Rc7+ 1/2-1/2

[Event "Elit(Manhem-Vasteras)"]
[Site "?"]
[Date "2016.03.20"]
[Round "9"]
[White "Norberg, Johan"]
[Black "Welin, Mats"]
[Result "0-1"]
[WhiteElo "2291"]
[BlackElo "2328"]
[PlyCount "48"]

1. g3 Nf6 2. Bg2 d5 3. Nf3 c6 4. O-O Bg4 5. Ne5 Bf5 6. d4 e6 7. c4 Be7 8. Nc3
O-O 9. f3 c5 10. cxd5 cxd4 11. Qxd4 exd5 12. Bg5 Qa5 13. Kh1 Rd8 14. Rac1 h6
15. Bd2 Nc6 16. Nxc6 bxc6 17. g4 Be6 18. g5 hxg5 19. Bxg5 Rab8 20. Qa4 Qc7 21.
e4 d4 22. Ne2 Rxb2 23. Ng3 c5 24. f4 Ng4 0-1

[Event "Elit(Manhem-Vasteras)"]
[Site "?"]
[Date "2016.03.20"]
[Round "9"]
[White "Vaarala, Eric"]
[Black "Moberg, Karl Johan"]
[Result "1/2-1/2"]
[WhiteElo "2298"]
[BlackElo "2295"]
[PlyCount "119"]

1. d4 Nf6 2. c4 g6 3. Nc3 d5 4. cxd5 Nxd5 5. Bd2 Nb6 6. e3 Bg7 7. f4 N8d7 8.
Rc1 f5 9. Nf3 Nf6 10. Qb3 c6 11. Ne5 Nfd5 12. a4 Bxe5 13. fxe5 a5 14. Nxd5 Nxd5
15. Bc4 O-O 16. O-O Be6 17. Qxb7 Rb8 18. Qxc6 Rb6 19. Qc5 Rxb2 20. Rf2 Qa8 21.
Qxa5 Qxa5 22. Bxa5 Rxf2 23. Kxf2 Ra8 24. Bd2 Rxa4 25. Bb3 Ra3 26. Bc4 Ra4 27.
Rc2 Kf7 28. Bb5 Ra3 29. Rc5 Ra2 30. Ke1 Ra1+ 31. Ke2 Nb6 32. Rc6 Rb1 33. Bd3
Rb2 34. Kd1 Bd5 35. Rc5 Bxg2 36. Kc1 Rb3 37. Bc2 Ra3 38. Kb2 Ra7 39. Bb3+ e6
40. Rb5 Nd5 41. Rb8 g5 42. Bc4 Ne7 43. e4 Bxe4 44. Bxg5 Bd5 45. Bb5 Rb7 46.
Rxb7 Bxb7 47. Bxe7 Kxe7 48. Bc4 Kf7 49. Kc3 Bc8 50. Kd2 Ke7 51. Ke3 Bb7 52. Kf4
h6 53. Kg3 Bc6 54. Kh4 Bf3 55. Kg3 Bc6 56. Bb3 Kf7 57. Kf4 Ke7 58. Bc4 Kf7 59.
Bb3 Ke7 60. Bc4 1/2-1/2

[Event "Elit(Manhem-Vasteras)"]
[Site "?"]
[Date "2016.03.20"]
[Round "9"]
[White "Al Hadarani, Hatim"]
[Black "Janse, Love"]
[Result "1/2-1/2"]
[WhiteElo "2272"]
[BlackElo "2156"]
[PlyCount "112"]

1. d4 f5 2. c4 Nf6 3. Nc3 d6 4. Bg5 Nbd7 5. Qc2 g6 6. e4 fxe4 7. Nxe4 Bg7 8.
Nf3 c5 9. Nxf6+ Nxf6 10. Bd3 O-O 11. d5 b5 12. cxb5 a6 13. O-O Qb6 14. Rfe1 Ra7
15. bxa6 Nxd5 16. Rad1 e6 17. Bc4 Nb4 18. Qe2 d5 19. Bb5 Nxa2 20. Ra1 Nb4 21.
Bd2 Nc2 22. Ba5 Qb8 23. Qxc2 Qxb5 24. Bc3 d4 25. Ra5 Qc4 26. Qe4 Rxa6 27. Rxa6
Bxa6 28. Bd2 Re8 29. Ng5 e5 30. Qh4 h5 31. Ne4 Bb7 32. Nf6+ Bxf6 33. Qxf6 Qe6
34. Qg5 Qg4 35. Qxg4 hxg4 36. Ba5 Kf7 37. Bc7 e4 38. Rc1 e3 39. fxe3 dxe3 40.
Bg3 e2 41. Be1 Re5 42. Kf2 Ba6 43. Kg3 Rd5 44. Rc3 Kf6 45. Re3 Kf5 46. Kf2 Bd3
47. Bc3 c4 48. Re8 g5 49. Kg3 Rb5 50. Re7 Rb8 51. Re5+ Kg6 52. Kxg4 Kf7 53. Re3
Rb5 54. g3 Kg6 55. Re6+ Kf7 56. Re3 Kg6 1/2-1/2

[Event "Elit(Manhem-Vasteras)"]
[Site "?"]
[Date "2016.03.20"]
[Round "9"]
[White "Brustkern, Jurgen"]
[Black "Bengtsson, Jonas"]
[Result "1-0"]
[WhiteElo "2198"]
[BlackElo "2136"]
[PlyCount "81"]

1. c4 Nf6 2. Nc3 c5 3. Nf3 e6 4. e3 a6 5. d4 d5 6. dxc5 Bxc5 7. a3 O-O 8. b4
Ba7 9. Bb2 Nc6 10. Qc2 Qe7 11. Rd1 dxc4 12. Bxc4 b5 13. Bd3 Bb7 14. Ne4 h6 15.
Nxf6+ gxf6 16. O-O Rac8 17. Qe2 Bb8 18. Bb1 f5 19. e4 fxe4 20. Qxe4 f5 21. Qe3
Kh7 22. Rfe1 Rce8 23. Rd2 Qf7 24. Ba2 Nd8 25. Red1 Bc6 26. Ne5 Bxe5 27. Qxe5
Qg6 28. g3 Nf7 29. Qc7 Bf3 30. Re1 Rd8 31. Rxd8 Rxd8 32. Qe7 Rd2 33. Bxe6 Rxb2
34. Bxf7 Qg7 35. Qe3 Be4 36. Bh5 Qd7 37. f3 Bc6 38. Qc5 Kg8 39. Re8+ Qxe8 40.
Bxe8 Bxe8 41. Qxf5 1-0

[Event "Elit(Manhem-Vasteras)"]
[Site "?"]
[Date "2016.03.20"]
[Round "9"]
[White "Outgajjouft, Said"]
[Black "Nordebrink, Johan"]
[Result "0-1"]
[WhiteElo "2088"]
[BlackElo "2147"]
[PlyCount "50"]

1. e4 d5 2. exd5 Nf6 3. Nf3 Nxd5 4. d4 g6 5. c4 Nb6 6. Nc3 Bg7 7. Be3 O-O 8. h3
Nc6 9. Qd2 e5 10. d5 Ne7 11. Bh6 Bxh6 12. Qxh6 Nf5 13. Qd2 e4 14. Nh2 e3 15.
fxe3 Nxe3 16. Qxe3 Re8 17. Ne4 Bf5 18. O-O-O Rxe4 19. Qh6 Rh4 20. Qe3 Nxc4 21.
Qg3 Qf6 22. Qc3 Qg5+ 23. Rd2 Nxd2 24. Qxd2 Qxd2+ 25. Kxd2 Rd4+ 0-1

[Event "Elit(Farsta-Kungstornet)"]
[Site "?"]
[Date "2016.03.20"]
[Round "9"]
[White "Cicak, Slavko"]
[Black "Nikcevic, Nebojsa"]
[Result "1-0"]
[WhiteElo "2509"]
[BlackElo "2421"]
[PlyCount "53"]

1. e4 e5 2. Nf3 Nc6 3. Bb5 a6 4. Ba4 Nf6 5. d3 d6 6. c3 Be7 7. Bg5 Nd7 8. Be3
O-O 9. Nbd2 b5 10. Bb3 Na5 11. Bc2 c5 12. O-O Bb7 13. d4 exd4 14. cxd4 Bf6 15.
e5 dxe5 16. dxc5 e4 17. Nxe4 Bxb2 18. Rb1 Nc4 19. Nd6 Nxd6 20. Qxd6 Bxf3 21.
Rxb2 Bg4 22. Be4 Rb8 23. Bf4 Qa5 24. c6 Nf6 25. c7 Rbe8 26. Bc6 Re6 27. Qxf8+
1-0

[Event "Elit(Farsta-Kungstornet)"]
[Site "?"]
[Date "2016.03.20"]
[Round "9"]
[White "Livner, Anders"]
[Black "Lyrberg, Patrik"]
[Result "0-1"]
[WhiteElo "2347"]
[BlackElo "2477"]
[PlyCount "54"]

1. d4 Nf6 2. c4 e6 3. Nc3 Bb4 4. Qc2 d5 5. cxd5 exd5 6. Bg5 h6 7. Bxf6 Qxf6 8.
e3 O-O 9. a3 Bf5 10. Bd3 Bxc3+ 11. Qxc3 Bxd3 12. Qxd3 c5 13. dxc5 Qxb2 14. Rb1
Qa2 15. Rxb7 Nd7 16. Qb5 d4 17. Rxd7 Rab8 18. Rb7 Qa1+ 19. Kd2 Qa2+ 20. Ke1
Rxb7 21. Qxb7 d3 22. Qb4 Rc8 23. g3 Qc2 24. Qd2 Rxc5 25. Ne2 Qb3 26. Qb4 Qa2
27. Nc3 Rxc3 0-1

[Event "Elit(Farsta-Kungstornet)"]
[Site "?"]
[Date "2016.03.20"]
[Round "9"]
[White "von Bahr, Oskar"]
[Black "Degerman, Lars"]
[Result "0-1"]
[WhiteElo "2379"]
[BlackElo "2462"]
[PlyCount "140"]

1. c4 c6 2. Nf3 d5 3. g3 Nf6 4. Bg2 g6 5. cxd5 cxd5 6. d4 Bg7 7. Nc3 O-O 8. Ne5
e6 9. O-O Nfd7 10. Nf3 Nc6 11. Bf4 Nf6 12. Rc1 Ne4 13. Nxe4 dxe4 14. Ne5 Nxd4
15. Nc4 f5 16. e3 Nc6 17. Qb3 Qf6 18. Bd6 Rd8 19. f3 Na5 20. Nxa5 Rxd6 21. Rc7
Rd3 22. Qc2 Qd8 23. Rc1 Bf8 24. fxe4 Rd2 25. Qb3 Bd7 26. Nxb7 Qf6 27. exf5 Qxf5
28. Rf1 Qe5 29. Qc3 Qxc3 30. bxc3 Rc8 31. Rxc8 Bxc8 32. Rf2 Rd1+ 33. Rf1 Rd3
34. Rc1 Rd2 35. Bf3 Rb2 36. Nd8 Bc5 37. Re1 Rxa2 38. Bg4 Ra6 39. Kg2 Rd6 40.
Rd1 Rxd1 41. Bxd1 Kf8 42. Kf2 Ke7 43. Nc6+ Kd6 44. Na5 Kc7 45. Bb3 Be7 46. Ke2
Kb6 47. Nc4+ Kc5 48. Kd2 Bd8 49. Nb2 a5 50. Ke2 Bf6 51. Na4+ Kb5 52. Kd3 e5 53.
Kd2 Bg4 54. Kd3 Bf3 55. Kd2 Be4 56. Nb2 Bd8 57. Ke2 Kc5 58. Na4+ Kb5 59. Nb2
Bc7 60. Kd2 Bf5 61. Ke2 h5 62. Kf2 g5 63. Ke2 h4 64. Kf2 e4 65. gxh4 gxh4 66.
Kg2 h3+ 67. Kg1 Be5 68. Na4 Bg4 69. Kh1 Be2 70. Kg1 Bf3 0-1

[Event "Elit(Farsta-Kungstornet)"]
[Site "?"]
[Date "2016.03.20"]
[Round "9"]
[White "Ernst, Thomas"]
[Black "Aronsson, Marten"]
[Result "1/2-1/2"]
[WhiteElo "2361"]
[BlackElo "2295"]
[PlyCount "64"]

1. e4 e5 2. Nf3 Nc6 3. Bb5 Nf6 4. O-O Nxe4 5. d4 Nd6 6. Bxc6 dxc6 7. dxe5 Nf5
8. Qxd8+ Kxd8 9. Nc3 Bd7 10. Rd1 Ke8 11. h3 Be7 12. g4 Nh4 13. Nxh4 Bxh4 14.
Bf4 Be7 15. Kg2 Be6 16. f3 Rd8 17. b3 h6 18. Ne2 Bc5 19. Bg3 Ke7 20. Bh4+ g5
21. Bf2 Bxf2 22. Kxf2 Rd5 23. Rxd5 cxd5 24. f4 c5 25. c3 f5 26. exf6+ Kxf6 27.
Ng3 Bf7 28. Kf3 Re8 29. Rh1 Kg6 30. Rd1 Kf6 31. Rh1 Kg6 32. Rd1 Kf6 1/2-1/2

[Event "Elit(Farsta-Kungstornet)"]
[Site "?"]
[Date "2016.03.20"]
[Round "9"]
[White "Wikner, Arvid"]
[Black "Lundin, Jan"]
[Result "1-0"]
[WhiteElo "2233"]
[BlackElo "2251"]
[PlyCount "83"]

1. e4 c6 2. Nf3 d5 3. Nc3 dxe4 4. Nxe4 Bg4 5. Be2 e6 6. h3 Bh5 7. d4 Be7 8. O-O
Nf6 9. Ng3 Bg6 10. Re1 Nbd7 11. c3 O-O 12. Qb3 Qc7 13. Bc4 Bd6 14. Nf1 a6 15.
Ng5 e5 16. Be3 c5 17. a4 Rac8 18. d5 Rfe8 19. Nf3 h6 20. Nh4 Bh7 21. Ng3 e4 22.
Nhf5 Ne5 23. Nxd6 Qxd6 24. Rad1 Nxc4 25. Qxc4 Nd7 26. Qb3 g5 27. Qxb7 Ne5 28.
b4 Nd3 29. bxc5 Nxc5 30. Bxc5 Rxc5 31. Qb4 f5 32. c4 Rb8 33. Qc3 Bg6 34. Rb1
Rbc8 35. Rb7 R5c7 36. Reb1 f4 37. R7b6 Rc6 38. dxc6 fxg3 39. c7 gxf2+ 40. Kf1
Qe7 41. Rxg6+ Kf7 42. Rbb6 1-0

[Event "Elit(Farsta-Kungstornet)"]
[Site "?"]
[Date "2016.03.20"]
[Round "9"]
[White "Hjelm, Niclas"]
[Black "Backlund, Anders"]
[Result "0-1"]
[WhiteElo "2311"]
[BlackElo "2269"]
[PlyCount "98"]

1. d4 e6 2. Nf3 c5 3. e3 d5 4. c4 cxd4 5. exd4 Nf6 6. Nc3 Be7 7. cxd5 Nxd5 8.
Bd3 O-O 9. O-O Nc6 10. Re1 Nf6 11. a3 b6 12. Bc2 Bb7 13. Qd3 g6 14. Bh6 Re8 15.
Rad1 Rc8 16. Bb3 Na5 17. Ba2 Bf8 18. Bg5 h6 19. Bh4 Bg7 20. Ne5 g5 21. Bg3 Nc6
22. Nxf7 Kxf7 23. d5 Ne7 24. Rxe6 Nexd5 25. Rxe8 Kxe8 26. Nxd5 Bxd5 27. Bxd5
Qxd5 28. Qe3+ Qe4 29. Qb3 Qc4 30. Qe3+ Kf7 31. h3 Re8 32. Qf3 Kg8 33. Qb7 Qf7
34. Qc6 Ne4 35. Rd7 Qe6 36. Qc7 Bf8 37. Qxa7 Nxg3 38. fxg3 Re7 39. Rxe7 Bxe7
40. b4 Bf6 41. Qa8+ Kg7 42. Qb7+ Kg6 43. a4 Qe1+ 44. Kh2 Qxb4 45. Qc6 h5 46.
Qe8+ Kh6 47. Qe6 Qd4 48. Kh1 h4 49. gxh4 Qa1+ 0-1

[Event "Elit(Farsta-Kungstornet)"]
[Site "?"]
[Date "2016.03.20"]
[Round "9"]
[White "Andersson, Fredrik"]
[Black "Jaderberg, Bjorn"]
[Result "1/2-1/2"]
[WhiteElo "2266"]
[BlackElo "2146"]
[PlyCount "29"]

1. e4 d5 2. exd5 Nf6 3. d4 Bg4 4. Nf3 Qxd5 5. Nc3 Qh5 6. Be2 Nc6 7. Bb5 O-O-O
8. Bxc6 bxc6 9. Qe2 Bxf3 10. gxf3 Rxd4 11. Be3 Rd6 12. Bf4 e5 13. Bxe5 Rd8 14.
Qa6+ Kb8 15. Bxc7+ 1/2-1/2

[Event "Elit(Farsta-Kungstornet)"]
[Site "?"]
[Date "2016.03.20"]
[Round "9"]
[White "Lissang, Christopher"]
[Black "Larsson, Anders"]
[Result "1-0"]
[WhiteElo "2295"]
[BlackElo "2221"]
[PlyCount "107"]

1. d4 e6 2. Nf3 c5 3. c4 cxd4 4. Nxd4 Nc6 5. Nc3 Nf6 6. g3 Bc5 7. Nb3 Be7 8.
Bg2 O-O 9. O-O a6 10. c5 b6 11. cxb6 Qxb6 12. e4 Bb7 13. Be3 Qc7 14. Rc1 Rad8
15. Na4 Qb8 16. Nac5 d5 17. Nxb7 Qxb7 18. exd5 Nxd5 19. Qe2 Ncb4 20. Na5 Qb5
21. Qxb5 axb5 22. Bxd5 Rxd5 23. Nc6 Nxc6 24. Rxc6 h6 25. Rfc1 Bf6 26. R1c2 Kh7
27. Rb6 Ra8 28. b3 Kg6 29. Rb7 Rd1+ 30. Kg2 Ra1 31. Rxb5 R8xa2 32. Rxa2 Rxa2
33. Rb7 Rb2 34. b4 Kf5 35. b5 Ke4 36. b6 Bd4 37. Bxd4 Kxd4 38. Rxf7 Rxb6 39.
Rxg7 e5 40. h4 e4 41. Rf7 Rb2 42. g4 e3 43. Rf3 exf2 44. Rxf2 Rb6 45. Re2 Rg6
46. Kf3 Rf6+ 47. Kg3 Kd5 48. g5 hxg5 49. hxg5 Re6 50. Rf2 Re1 51. Kg4 Ke6 52.
Kh5 Ke7 53. Kh6 Ke8 54. g6 1-0

[Event "Elit(Burgsvik-Limhamn)"]
[Site "?"]
[Date "2016.03.20"]
[Round "9"]
[White "Hector, Jonny"]
[Black "Andersson, Tommy"]
[Result "1-0"]
[WhiteElo "2474"]
[BlackElo "2384"]
[PlyCount "51"]

1. e4 c5 2. Nf3 d6 3. d4 cxd4 4. Nxd4 Nf6 5. Nc3 a6 6. Bg5 Nbd7 7. f4 g6 8. Qe2
Bg7 9. e5 O-O 10. O-O-O dxe5 11. fxe5 Qa5 12. Nf3 Ng4 13. Rd5 b5 14. h3 Ngxe5
15. Nxe5 Nxe5 16. Rxe5 f6 17. Qe4 fxe5 18. Qxa8 Bf5 19. Qd5+ e6 20. Qc5 Rf7 21.
a3 Bf8 22. Qxe5 Bxa3 23. bxa3 Qxa3+ 24. Kd2 Qa1 25. Bh6 Rb7 26. Bc4 1-0

[Event "Elit(Burgsvik-Limhamn)"]
[Site "?"]
[Date "2016.03.20"]
[Round "9"]
[White "Krupenski, Juri"]
[Black "Jepson, Christian"]
[Result "1/2-1/2"]
[WhiteElo "2406"]
[BlackElo "2431"]
[PlyCount "46"]

1. e4 e5 2. Nf3 Nc6 3. d4 exd4 4. Nxd4 Nf6 5. Nxc6 bxc6 6. Nd2 d5 7. exd5 cxd5
8. Bb5+ Bd7 9. Bxd7+ Qxd7 10. O-O Be7 11. c4 O-O 12. cxd5 Qxd5 13. Qc2 Bc5 14.
Nc4 Rfe8 15. Be3 Re4 16. Rac1 Bxe3 17. Nxe3 Qxa2 18. Ra1 Qe6 19. Qxc7 Rb4 20.
Rxa7 Rxa7 21. Qxa7 Rxb2 22. Rd1 h6 23. Qd4 Rb8 1/2-1/2

[Event "Elit(Burgsvik-Limhamn)"]
[Site "?"]
[Date "2016.03.20"]
[Round "9"]
[White "Johansson, Linus"]
[Black "Persson, Mats"]
[Result "1-0"]
[WhiteElo "2423"]
[BlackElo "2259"]
[PlyCount "121"]

1. c4 e5 2. g3 Nc6 3. Bg2 g6 4. Nc3 Bg7 5. e4 d6 6. Nge2 f5 7. d3 Nf6 8. exf5
Bxf5 9. O-O Qd7 10. Bg5 O-O 11. Bxf6 Bxf6 12. Nd5 Bg7 13. b4 Bg4 14. Ne3 Bh3
15. b5 Bxg2 16. Kxg2 Ne7 17. Rb1 a6 18. a4 axb5 19. axb5 Ra3 20. Rb3 Ra5 21.
Nc3 Bh6 22. Qg4 Qxg4 23. Nxg4 Bg7 24. Ne3 Rf7 25. Ne4 Bh6 26. Ng4 Nf5 27. b6
Bf8 28. bxc7 Rxc7 29. Rfb1 Ra7 30. Ne3 Nxe3+ 31. fxe3 Rf7 32. Rf1 Ra2+ 33. Rf2
Raxf2+ 34. Nxf2 Bh6 35. Nd1 e4 36. dxe4 Rc7 37. Kf3 Rxc4 38. Rxb7 Bg7 39. Rd7
Be5 40. Nf2 Rc6 41. Nd3 Bg7 42. h3 Rb6 43. h4 Be5 44. Nf4 Rb8 45. g4 Rf8 46.
Rb7 Rf7 47. Rb5 h6 48. g5 hxg5 49. hxg5 Kg7 50. Kg4 Ra7 51. Rb4 Kf7 52. Rc4 Rb7
53. Ra4 Rc7 54. Kf3 Rb7 55. Nd3 Ke6 56. Ra6 Rf7+ 57. Nf4+ Ke7 58. Kg4 Bxf4 59.
Ra7+ Ke6 60. Rxf7 Kxf7 61. exf4 1-0

[Event "Elit(Burgsvik-Limhamn)"]
[Site "?"]
[Date "2016.03.20"]
[Round "9"]
[White "Fries Nielsen, Jens Ove"]
[Black "Lindgren, Philip"]
[Result "1/2-1/2"]
[WhiteElo "2405"]
[BlackElo "2414"]
[PlyCount "117"]

1. d4 d5 2. Nf3 Nf6 3. Nbd2 Bf5 4. Nh4 Bg4 5. h3 Be6 6. g4 g5 7. Nhf3 h6 8. e3
Bg7 9. c3 Qd6 10. Qb3 Qb6 11. Qc2 Nbd7 12. b4 a5 13. b5 h5 14. Nxg5 hxg4 15.
Ba3 gxh3 16. c4 Bg4 17. c5 Qa7 18. c6 Nb6 19. f3 Bc8 20. Bd3 Rh6 21. cxb7 Qxb7
22. Rc1 Ra7 23. Nb3 Nc4 24. Bxc4 dxc4 25. Qxc4 Qd5 26. b6 Rb7 27. Qa4+ Bd7 28.
bxc7 Rxc7 29. Rxc7 Bxa4 30. Rxe7+ Kd8 31. Nxf7+ Kc8 32. e4 Nxe4 33. fxe4 Qh5
34. Bd6 Qh4+ 35. Kd1 Qg4+ 36. Kc1 Rxd6 37. Nxd6+ Kd8 38. Rf7 Bh6+ 39. Kb1 Bxb3
40. Nb7+ Kc8 41. Nd6+ Kb8 42. Rb7+ Ka8 43. Rxb3 h2 44. Rd3 Qg2 45. Rdd1 Be3 46.
Rhf1 Bg1 47. Rf8+ Ka7 48. Rc1 Qg7 49. Rf5 Qd7 50. Nb5+ Kb7 51. Rd5 Qxd5 52.
exd5 h1=Q 53. Nd6+ Kb8 54. Rc8+ Ka7 55. Rc7+ Kb6 56. Rc6+ Ka7 57. Rc7+ Ka8 58.
Rc8+ Ka7 59. Rc7+ 1/2-1/2